Základy fyziky kovov
Saved in:
| Main Author: | |
|---|---|
| Format: | Book |
| Language: | Slovak |
| Published: |
Bratislava :
SVTL,
1962
|
| Subjects: | |
| Tags: |
No Tags, Be the first to tag this record!
|
MARC
| LEADER | 00000nam a22000003a 4500 | ||
|---|---|---|---|
| 001 | stu87965 | ||
| 005 | 20150617225631.0 | ||
| 008 | 040615s1962----cs------------------slo-d | ||
| 040 | |a STU |b slo | ||
| 041 | 0 | |a slo | |
| 044 | |a cs | ||
| 080 | |a 669.017 | ||
| 100 | 1 | |a Cottrell, A. H. |4 aut | |
| 245 | 1 | |a Základy fyziky kovov | |
| 260 | |a Bratislava : |b SVTL, |c 1962 | ||
| 300 | |a 221 s | ||
| 650 | 7 | |a fyzika kovov |2 stusub | |
| 996 | |b 284J023185 |c J*4117 |l JJST |s P |a 0 |w stu87965_0001 | ||
| 996 | |b 284J021760 |c J*27652 |l JJK16 |s P |a 0 |w stu87965_0002 | ||